|
|
|
|
| LEADER |
00000nam a2200000 a 4500 |
| 005 |
2011121209049.0 |
| 007 |
cr|||| |||| |
| 008 |
080625s2008 sp 000 0 spa|c |
| 017 |
|
|
|a DL AB. 11-2008
|
| 020 |
|
|
|a 9788496721456
|
| 035 |
|
|
|a 5821
|
| 040 |
|
|
|d vLex
|
| 090 |
|
|
|c 2815
|d 2815
|
| 245 |
0 |
3 |
|a La Imputacin̤ de responsabilidades en las relaciones laborales
|h [Recurso electrn̤ico] /
|c coordinador: Jord ̕Agust ̕Juli ̀; Gonzalo Moliner Tamborero,... [et al.]
|
| 256 |
|
|
|a Servicio en ln̕ea.
|
| 260 |
|
|
|a Albacete :
|b Bomarzo,
|c 2008
|
| 300 |
|
|
|a 1 recurso electrn̤ico
|
| 504 |
|
|
|a Referencias bibliogrf̀icas
|
| 506 |
1 |
|
|a Contenido solo disponible en los productos indicados
|d vLex Global
|d vLex Global (Academic Edition, excluding Law Schools)
|d vLex Global (U.S. Academic Edition, Law Schools)
|d vLex Global (U.S. Academic Edition, excluding Law Schools)
|d vLex Global (Academic Edition, Law Schools)
|
| 650 |
0 |
4 |
|a Relaciones laborales
|
| 650 |
0 |
4 |
|a Responsabilidad (derecho)
|
| 650 |
0 |
4 |
|a Situacin̤ legal
|
| 700 |
1 |
|
|a Agust ̕Juli,̉ J.,
|e coord.
|
| 700 |
1 |
|
|a Moliner Tamborero, Gonzalo
|
| 740 |
0 |
|
|a vLex Libros (Servicio en ln̕ea)
|
| 856 |
4 |
0 |
|u http://vlex.com/source/imputacion-responsabilidades-relaciones-laborales-5821
|z Acceso restringido
|
| 942 |
|
|
|c BOOK
|
| 999 |
0 |
|
|a Labor laws and legislation
|
| 999 |
0 |
|
|a Liability (Law)
|